Statistiques concernant Massifs et Chaînes de Montagnes

Cliquez ici pour prendre le quiz!

Statistiques générales

  • Ce quiz a été pris 185 fois
  • Le résultat moyen est 41 sur 46

Statistiques - réponses

Réponse% Correct
Chine
99%
France
99%
Suisse
99%
Argentine
98%
Italie
98%
Russie
98%
Allemagne
97%
Autriche
97%
Chili
97%
Espagne
97%
Népal
97%
Canada
96%
Mongolie
96%
Pérou
96%
Andorre
95%
Bolivie
95%
Colombie
95%
Etats-Unis
95%
Inde
95%
Roumanie
94%
Equateur
93%
Hongrie
92%
Pakistan
92%
Algérie
90%
Maroc
90%
Serbie
90%
Slovénie
89%
Portugal
88%
Slovaquie
88%
Turquie
88%
Venezuela
87%
Bulgarie
86%
République Tchèque
86%
Ukraine
86%
Tunisie
85%
Pologne
84%
Arménie
83%
Azerbaïdjan
83%
Bhoutan
83%
Géorgie
83%
Liechtenstein
83%
Monaco
79%
Afghanistan
75%
Tadjikistan
74%
Kazakhstan
71%
Kirghizistan
61%

Distribution des résultats

Percentile par nombre de réponses

% des personnes avec chaque résultat

Votre développement - résultats

Vous n’avez pas pris ce quiz